World Leaders' Signatures Quiz Stats

 Plays Quiz Updated May 1, 2018

Score 0/16 Timer 03:00
2 Plays Today
% Correct
Tony Blair
94.8%
Theresa May
87.5%
Napoleon
86.8%
Barack Obama
83.1%
Adolf Hitler
82.3%
Elizabeth II
78.8%
Nelson Mandela
75.4%
Robert Mugabe
63.7%
% Correct
Benazir Bhutto
63.6%
George Washington
58.4%
Indira Gandhi
48.3%
Margaret Thatcher
48.1%
François Hollande
36.2%
Dilma Rousseff
18.5%
Pierre Trudeau
12.2%
Nicolae Ceaușescu
10.2%

You're not logged in!

Compare scores with friends on all Sporcle quizzes.
OR
Log In

Sporcle TV

Today on Sporcle TV


Watch our educational content, quiz creation guides, and fun videos on Sporcle TV.

Show Comments

Extras

Top Quizzes Today


Score Distribution

Your Account Isn't Verified!

In order to create a playlist on Sporcle, you need to verify the email address you used during registration. Go to your Sporcle Settings to finish the process.

Report this User

Report this user for behavior that violates our Community Guidelines.

Details: